000 00708nam a2200229 a 4500
999 _c6869
_d6869
001 6869
003 BD-JhCC
005 20180206131340.0
008 171021s2008 bg ||||| ||a| 000 0 ben d
020 _a9847013800217
035 _a(BD-JhCC)6869
040 _aBD-JhCC
_dBD-JhCC
041 _aben
082 _a891.4435
_bHAQ 2008
100 _aহক, আনোয়ারা সৈয়দ
245 _aআমি বাবাকে ভালোবাসি /
_cআনোয়ারা সৈয়দ হক
260 _aঢাকা :
_bবিদ্যা প্রকাশনী,
_c2008.
300 _a86 p. :
_c21 cm.
650 _aLife Story
942 _2ddc
_cBK